| 000 | 00885 a2200253 4500 | ||
|---|---|---|---|
| 005 | 20190809082650.0 | ||
| 008 | 190809s2015 ck ||||| |||| 00| 0 spa d | ||
| 020 | _a9789585823839 | ||
| 040 |
_aCO-BoUCM _bspa _cSaul Niño _dSaul Niño |
||
| 041 | 0 | _aspa | |
| 060 | _aWE 103 | ||
| 110 | 2 |
_aColombia _bCodeportes _997988 |
|
| 245 | 1 | 0 |
_aLineamiento de política pública en ciencias del deporte _bbiomecánica _cColderportes ; Clara Luz Roldán González |
| 260 |
_aBogotá (Colombia) _bColdeportes _c2015 |
||
| 300 | _a228 páginas | ||
| 650 | 7 |
_910139 _aBiomecánica |
|
| 650 | 7 |
_97493 _aDeportistas _xFisiología |
|
| 650 | 7 |
_98402 _aAcondicionamiento físico |
|
| 650 | 7 |
_919146 _aMedicina deportiva |
|
| 650 | 7 |
_910805 _aCiencias del deporte |
|
| 700 |
_aRoldán González, Clara Luz _edirector _997991 |
||
| 942 |
_cLIBRO _2NLM _a26 _e1 _hWE 103 _mL754p |
||
| 999 |
_c314670 _d314670 |
||